000 00320nam a2200157Ia 4500
003 IT-RoPAU
008 120407s9999 xx 000 0 und d
040 _aIT-RoPAU
040 _cIT-RoPAU
100 _aH. T. F. Rhodes
245 _aLa messa nera
260 _aSugar
300 _c cm
490 _v1
942 _cBK
999 _c12019
_d12019